[Event "Lviv Tradition May 2018"]
[Site "Lviv"]
[Date "2018.05.20"]
[Round "8"]
[White "Bogdanov, Egor"]
[Black "Terletsky, Oleg"]
[Result "1/2-1/2"]
[WhiteElo "2335"]
[BlackElo "2288"]
[Annotator "NA"]
[PlyCount "117"]
[EventDate "2018.??.??"]
[EventType "tourn"]
[EventCountry "UKR"]
[SourceTitle "playchess.com"]
[Source "ChessBase"]
[SourceQuality "1"]
[TimeControl "5400+30"]

1. d4 {[%emt 0:00:00]} Nf6 {[%emt 0:01:18]} 2. c4 {[%emt 0:00:00]} g6 {[%emt 0:00:13]} 3. Nc3 {[%emt 0:00:00]} Bg7 {[%emt 0:00:09]} 4. e4 {[%emt 0:00:00]} d6 {[%emt 0:00:03]} 5. Nf3 {[%emt 0:00:00]} O-O {[%emt 0:00:07]} 6. Be2 {[%emt 0:00:08]} e5 {[%emt 0:00:13]} 7. Be3 {[%emt 0:00:15]} Ng4 {[%emt 0:04:33]} 8. Bg5 $1 {[%emt 0:00:06]} f6 {[%emt 0:00:03]} 9. Bh4 {[%emt 0:00:02] LiveBook: 1432 Games} Nc6 {[%emt 0:05:32]} 10. d5 {[%emt 0:14:39]} Ne7 {[%emt 0:00:39]} 11. h3 {[%emt 0:00:37] E92: King's Indian: Classical: 6 Be2 e5: 7 dxe5, 7 Be3 and Petrosian System without 7...Nbd7} (11. O-O g5 12. Bg3 h5 13. Nd2 f5 14. exf5 Nxf5 15. Nde4 Ngh6 16. Bxh5 g4 17. Bg6 Ne7 18. Bh5 Nef5 19. Bg6 Ne7 20. Bh5 Nef5 {½-½ (20) Ibrahimov,R (2518)-Amin,B (2689) Riadh 2017}) 11... Nh6 {[%emt 0:00:12]} 12. g4 {[%emt 0:00:49]} g5 {[%emt 0:09:34]} 13. Bg3 {[%emt 0:00:15]} Ng6 {[%emt 0:00:04] [#]} 14. Qd2 $146 {[%emt 0:01:35]} ({Predecessor:} 14. Nd2 Nf4 15. Nf1 Nf7 16. Ne3 a6 17. h4 b5 18. cxb5 Nxe2 19. Qxe2 axb5 20. Qxb5 {1-0 (39) Djukic,N (2546)-Sukovic,A (1999) Bar 2015}) 14... Nf7 {[%emt 0:00:27]} 15. Nd1 {[%emt 0:00:13]} c5 {[%emt 0:01:02]} 16. Ne3 {[%emt 0:00:26]} Nf4 {[%emt 0:00:21]} 17. Nf5 {[%emt 0:01:08]} a6 {[%emt 0:01:30]} 18. Bxf4 {[%emt 0:08:46]} exf4 {[%emt 0:00:51]} 19. O-O {[%emt 0:00:32]} Re8 {[%emt 0:01:25]} 20. Bd3 {[%emt 0:08:07]} Bd7 {[%emt 0:03:36]} 21. b4 {[%emt 0:01:15]} b5 {[%emt 0:06:50]} 22. Rfe1 {[%emt 0:00:52]} Bf8 {[%emt 0:02:10]} 23. Rab1 {[%emt 0:01:51]} Rb8 {[%emt 0:05:36]} 24. bxc5 {[%emt 0:11:18]} dxc5 {[%emt 0:01:22]} 25. e5 {[%emt 0:04:26]} fxe5 {[%emt 0:04:46]} 26. Qc2 {[%emt 0:00:54]} Rb6 {[%emt 0:09:27]} 27. Re2 {[%emt 0:07:27]} bxc4 {[%emt 0:01:31]} 28. Bxc4 {[%emt 0:08:02]} Rxb1+ {[%emt 0:04:22]} 29. Qxb1 {[%emt 0:00:06]} Bxf5 {[%emt 0:01:17]} 30. gxf5 {[%emt 0:03:08]} Nd6 {[%emt 0:01:03]} 31. Bd3 {[%emt 0:01:32]} c4 {[%emt 0:00:45]} 32. Bc2 {[%emt 0:01:09]} Qf6 {[%emt 0:06:54]} 33. Nd2 {[%emt 0:04:47]} h5 {[%emt 0:00:08]} 34. f3 {[%emt 0:02:40]} c3 {[%emt 0:01:02]} 35. Ne4 {[%emt 0:02:42]} Nxe4 {[%emt 0:00:07]} 36. Bxe4 {[%emt 0:00:03]} Bc5+ {[%emt 0:00:10]} 37. Kf1 {[%emt 0:01:14] [#]} g4 $1 {[%emt 0:00:35]} 38. Rg2 {[%emt 0:03:12]} g3 $2 {[%emt 0:00:05]} (38... Qh4 39. fxg4 Qxh3) 39. Rc2 {[%emt 0:00:12]} Bd4 {[%emt 0:05:56]} 40. Qb7 {[%emt 0:02:21]} Rd8 {[%emt 0:00:23]} 41. Kg2 {[%emt 0:01:58]} Rd6 {[%emt 0:01:17]} 42. Rc1 {[%emt 0:02:17] [#]} Rb6 $1 {[%emt 0:01:13]} 43. Qc8+ {[%emt 0:00:15]} Kg7 {[%emt 0:03:52]} (43... Qf8 $19 {und Schwarz behält klar die Oberhand.} 44. Qxf8+ Kxf8) 44. Rb1 {[%emt 0:01:12]} Rxb1 {[%emt 0:04:41]} 45. Bxb1 {[%emt 0:00:49]} Qd6 {[%emt 0:01:23]} 46. Qb7+ {[%emt 0:02:20]} Kf8 {[%emt 0:00:46]} 47. Bc2 {[%emt 0:00:53] [#]} h4 {[%emt 0:01:52] [#]} ({Black should play} 47... Bb6 $1 $17 48. Qc8+ Bd8) 48. f6 $1 {[%emt 0:01:43]} Qxf6 {[%emt 0:00:35]} 49. Qb8+ {[%emt 0:00:01]} Kg7 {[%emt 0:02:44]} 50. d6 {[%emt 0:00:40]} e4 {[%emt 0:00:58]} 51. Qc7+ {[%emt 0:00:51]} Kh6 {[%emt 0:01:15]} 52. Bxe4 {[%emt 0:01:03]} Be5 {[%emt 0:01:27]} 53. Qh7+ {[%emt 0:01:07]} Kg5 {[%emt 0:00:02]} 54. d7 {[%emt 0:01:10]} Bc7 {[%emt 0:00:13]} 55. Qg8+ {[%emt 0:00:13]} Kh6 {[%emt 0:00:11]} 56. Qh7+ $11 {[%emt 0:02:05]} Kg5 {[%emt 0:00:02]} 57. Qg8+ {[%emt 0:01:49]} Kh6 {[%emt 0:00:07]} 58. Qh7+ {[%emt 0:00:01]} Kg5 {[%emt 0:00:10]} 59. Qg8+ {[%emt 0:01:14]} 1/2-1/2

[Event "Lviv Tradition May 2018"]
[Site "Lviv"]
[Date "2018.05.20"]
[Round "8"]
[White "Peng, Li Min"]
[Black "Galperin, Platon"]
[Result "1-0"]
[WhiteElo "2320"]
[BlackElo "2332"]
[Annotator "NA"]
[PlyCount "85"]
[EventDate "2018.??.??"]
[EventType "tourn"]
[EventCountry "UKR"]
[SourceTitle "playchess.com"]
[Source "ChessBase"]
[SourceQuality "1"]
[TimeControl "5400+30"]

1. e4 {[%emt 0:00:00]} c5 {[%emt 0:01:20]} 2. Nc3 {[%emt 0:04:09]} Nc6 {[%emt 0:01:46]} 3. Bb5 {[%emt 0:00:06]} Nd4 {[%emt 0:00:06]} 4. Bc4 {[%emt 0:00:04]} a6 {[%emt 0:00:04] B23: Closed Sicilian: Lines without g3} 5. a4 {[%emt 0:01:23]} g6 {[%emt 0:00:33]} 6. Nf3 {[%emt 0:00:30]} Bg7 {[%emt 0:00:12]} 7. Nxd4 {[%emt 0:08:10]} cxd4 {[%emt 0:00:33]} 8. Qf3 {[%emt 0:00:09]} e6 {[%emt 0:00:50] LiveBook: 4 Partien} 9. Ne2 {[%emt 0:00:33]} Ne7 {[%emt 0:00:10]} 10. O-O {[%emt 0:00:14]} O-O {[%emt 0:00:14]} 11. d3 {[%emt 0:00:39]} f5 $146 {[%emt 0:01:47]} ({Predecessor:} 11... b6 12. Qh3 {1-0 (43) Danielyan,V (2331)-Can,E (2603) Batumi 2018}) 12. Qg3 {[%emt 0:07:05]} h6 {[%emt 0:10:28]} 13. Bf4 {[%emt 0:04:32]} g5 {[%emt 0:01:28]} 14. Bc7 {[%emt 0:01:39]} Qe8 {[%emt 0:01:38]} 15. f4 {[%emt 0:06:00]} Qh5 {[%emt 0:02:48]} 16. Rae1 {[%emt 0:00:35]} fxe4 {[%emt 0:00:13]} 17. dxe4 {[%emt 0:00:08]} d5 {[%emt 0:00:05]} 18. Bd3 {[%emt 0:08:53]} Bd7 {[%emt 0:03:25]} 19. e5 {[%emt 0:04:26]} Bxa4 {[%emt 0:02:06]} 20. Bd6 {[%emt 0:09:22]} Nf5 {[%emt 0:02:29]} 21. Bxf5 $1 {[%emt 0:00:07]} Rxf5 {[%emt 0:00:10]} 22. Nxd4 {[%emt 0:00:09]} gxf4 {[%emt 0:00:38]} 23. Qa3 {[%emt 0:03:02]} Be8 {[%emt 0:02:58]} 24. Nxf5 {[%emt 0:00:16]} Qxf5 {[%emt 0:00:07]} 25. Qc5 {[%emt 0:04:38]} h5 {[%emt 0:01:16]} 26. c3 {[%emt 0:07:53]} Bb5 {[%emt 0:01:21]} 27. Rf2 {[%emt 0:00:11]} Kh8 {[%emt 0:01:58]} 28. Be7 {[%emt 0:03:41]} Kh7 {[%emt 0:06:21]} 29. Bf6 {[%emt 0:00:37]} Bh6 {[%emt 0:00:01]} 30. Qe7+ {[%emt 0:00:39]} Kg6 {[%emt 0:00:12]} 31. Qxb7 {[%emt 0:05:34]} Rg8 {[%emt 0:01:49]} 32. b3 {[%emt 0:00:26]} Bd3 {[%emt 0:01:28]} 33. Qc6 {[%emt 0:01:22]} h4 {[%emt 0:00:49]} 34. Bxh4 {[%emt 0:20:08]} Kh5 {[%emt 0:01:38]} 35. Be7 {[%emt 0:00:02]} Be4 {[%emt 0:03:24]} 36. h4 {[%emt 0:02:29]} f3 {[%emt 0:01:00]} 37. Bg5 $1 {[%emt 0:00:34]} Bxg5 {[%emt 0:00:49]} 38. hxg5 {[%emt 0:00:03]} Rxg5 {[%emt 0:04:12]} 39. Qe8+ {[%emt 0:01:45]} ({Don't blunder} 39. Qxa6 $2 Qh3 $19) 39... Kg4 {[%emt 0:00:12]} 40. Qh8 $14 {[%emt 0:00:38]} Qg6 {[%emt 0:01:26]} 41. Qh3+ {[%emt 0:00:40]} Kf4 {[%emt 0:00:09]} 42. Rxf3+ {[%emt 0:00:10]} Kxe5 {[%emt 0:00:16]} 43. Qh2+ {[%emt 0:00:05]} 1-0

[Event "Lviv Tradition May 2018"]
[Site "Lviv"]
[Date "2018.05.20"]
[Round "8"]
[White "Fiedorek, Michal"]
[Black "Mirzoev, Emil"]
[Result "1/2-1/2"]
[WhiteElo "2081"]
[BlackElo "2418"]
[Annotator "TA"]
[PlyCount "114"]
[EventDate "2018.??.??"]
[EventType "tourn"]
[EventCountry "UKR"]
[SourceTitle "playchess.com"]
[Source "ChessBase"]
[SourceQuality "1"]

{[%evp 9,114,50,98,83,93,50,106,79,79,79,87,87,82,83,83,83,81,74,80,26,24,16,39,0,9,0,0,0,36,0,0,0,33,0,62,44,64,63,56,0,0,0,0,0,15,8,22,22,31,20,30,31,25,35,31,31,39,43,19,18,25,-52,-46,-44,-33,-25,-26,-80,-56,-106,0,0,0,-27,-27,-33,-32,-22,-22,-20,-49,-43,-17,-110,-126,-104,0,0,0,0,0,0,0,0,0,0,0,0,0,0,0,0,0,0,514,291,354]} 1. e4 e6 2. d4 d5 3. Nd2 Nc6 4. Ngf3 Nf6 5. e5 Ng4 {LiveBook: 6 Partien} 6. Bd3 $146 {C04: Französische Verteidigung (Tarrasch-Variante)} ({Vorgänger:} 6. Nb3 Bd7 7. c3 f6 8. Nh4 f5 9. Nf3 Nh6 10. c4 dxc4 11. Bxc4 Nf7 12. O-O Qe7 {0-1 (40) Svidler,P (2765)-Aronian,L (2752) Monte Carlo 2006}) 6... f6 {[%cal Rf6e5]} 7. Ng5 f5 ({Besser ist} 7... Ngxe5 $14 8. dxe5 fxg5) 8. Ndf3 {Weiß steht besser.} Nb4 9. Be2 c5 10. c3 Nc6 11. O-O Be7 12. Nh3 cxd4 13. cxd4 O-O 14. Ne1 (14. g3 $16) 14... Qb6 $11 15. Nc2 Bd7 16. Bxg4 fxg4 17. Qxg4 Rac8 18. Qd1 Qc7 {Droht ...Sxe5.} 19. Ne3 Qb6 20. Nc2 Qc7 {Schwarz will ...Sxe5 spielen.} 21. Ne3 Nb4 (21... Qb6 $1 $11) 22. a3 Nc2 23. Nxc2 Qxc2 24. Qxc2 (24. Qg4 $14) 24... Rxc2 25. Rb1 Bb5 26. Rd1 Rfc8 27. Be3 Bd8 28. Ng5 Bd7 29. Nf3 Kf7 30. Rdc1 Bb6 31. Rxc2 Rxc2 32. Ne1 Re2 33. Nd3 Bb5 34. Nf4 Rc2 35. b3 ({Lieber} 35. h4 $11) 35... g5 $36 {[%mdl 2048] Schwarz kämpft um Vorteil.} 36. Nh5 h6 37. Nf6 Rc3 38. h4 (38. h3 $11 {bleibt in der Remisbreite.}) 38... gxh4 $17 39. a4 Bc6 (39... Bd3 $17 40. Rd1 Bd8) 40. Kf1 $11 Rc2 41. Ng4 h5 42. Nh2 Bd8 43. Nf3 b5 44. axb5 Bxb5+ 45. Kg1 Be2 46. Rc1 (46. Ng5+ $11 Ke7 47. Nh3) 46... Rxc1+ $17 47. Bxc1 Bxf3 (47... Kg6 $17 48. Ne1 Bb6) 48. gxf3 {[%mdl 4096] Endspiel KL-KL} Kg6 49. Kg2 Kf5 50. Ba3 Bg5 (50... Bb6 $5 51. Bb2 $8 Kg5 $11) 51. Bc5 a6 {[#] ...Kf4 ist eine echte Drohung.} 52. Bb4 $1 Bc1 (52... Kf4 $5 53. Bd2+ $8 Kf5 $11) 53. Bc5 Kf4 54. Kh3 Kxf3 {Und ...Lg5 würde nun gewinnen.} 55. Kxh4 Ke4 56. Kxh5 {[#] Schwarz muss nun Kg6 beachten.} Bb2 $2 {[%mdl 8192]} (56... Kf5 $1 $11 {und Schwarz muss sich keine Sorgen machen.}) 57. Kg6 $18 Bxd4 {[%mdl 32768] Precision: Weiß = 58%, Schwarz = 66%. . An unexpected result.} 1/2-1/2

[Event "Lviv Tradition May 2018"]
[Site "Lviv"]
[Date "2018.05.21"]
[Round "9"]
[White "Mirzoev, Emil"]
[Black "Peng, Li Min"]
[Result "1/2-1/2"]
[WhiteElo "2418"]
[BlackElo "2320"]
[Annotator "TA"]
[PlyCount "51"]
[EventDate "2018.??.??"]
[EventType "tourn"]
[EventCountry "UKR"]
[SourceTitle "playchess.com"]
[Source "ChessBase"]
[SourceQuality "1"]

{[%evp 19,51,0,12,-59,0,0,0,-8,6,0,0,0,-1,-39,-4,-12,0,-18,0,-45,-13,-26,-16,-36,-35,-37,-21,-54,0,-43,0,-44,0,-39]} 1. e4 c5 2. Nf3 Nc6 3. c3 e6 4. d4 d5 5. exd5 exd5 6. Bd3 Nf6 7. O-O Be7 8. Re1 cxd4 9. cxd4 O-O 10. Nc3 Bg4 11. h3 {B14: Caro-Kann: Panov-Botvinnik Attack with 5...e6 and 5...g6} (11. Be3 $11) 11... Bh5 (11... Bxf3 $1 $15 12. Qxf3 Nxd4) 12. Be3 (12. g4 Bg6 13. Ne5 Nxe5 14. dxe5 Ne4 15. Bxe4 dxe4 16. Qb3 Qd4 17. Bf4 Bh4 {1-0 (42) Blees,A (2410)-Burmakin,V (2555) Portoroz 1995}) 12... Re8 13. Rc1 $146 ({Predecessor:} 13. a3 Bd6 14. Be2 h6 15. b4 Rc8 16. Qb3 Bb8 17. Bd1 a6 18. g3 g5 {1-0 (61) Lehtosaari,M-Kytoniemi,J (2205) Lahti 1997}) 13... Rc8 14. g4 Bg6 15. Bxg6 hxg6 16. Ne5 Bf8 17. Bg5 Qd6 {[%cal Rc6e5]} 18. Nxc6 bxc6 19. Qf3 Nd7 20. a3 Qb8 21. Re2 Bd6 22. Na4 Qb5 23. Nc3 Qb8 24. Na4 Qb5 25. Nc3 Qb8 26. Na4 {Precision: White = 30%, Black = 13%.} 1/2-1/2

[Event "Lviv Tradition May 2018"]
[Site "Lviv"]
[Date "2018.05.21"]
[Round "9"]
[White "Goluch, Piotr"]
[Black "Bogdanov, Egor"]
[Result "1-0"]
[WhiteElo "2351"]
[BlackElo "2335"]
[Annotator "TA"]
[PlyCount "167"]
[EventDate "2018.??.??"]
[EventType "tourn"]
[EventCountry "UKR"]
[SourceTitle "playchess.com"]
[Source "ChessBase"]
[SourceQuality "1"]

{[%evp 9,167,0,13,14,35,-6,33,24,32,-26,1,-36,-32,-37,16,-19,37,50,53,58,88,70,80,27,125,106,110,102,148,148,285,269,302,121,147,145,166,115,113,110,107,92,121,119,205,110,111,107,111,100,103,59,71,64,42,30,31,23,95,98,140,126,120,125,177,164,157,156,183,183,180,183,183,175,206,198,271,260,267,270,263,259,366,349,335,324,511,472,636,610,29989,29990,29990,29991,29991,5285,6387,3564,2091,2091,1760,516,744,716,1485,688,937,905,1258,855,850,806,1254,1143,29976,29977,29977,29978,29976,29979,29985,29970,29967,29970,29968,29971,29970,29971,29973,29974,29974,29973,29973,29972,29971,29975,29979,29976,29976,29976,29976,29977,29983,29983,29983,29983,29983,29984,29982,29979,29983,29984,29984,29983,29983,29984,29989,29990,29990,29987]} 1. e4 c5 2. Be2 (2. Nf3 d6 3. d4 cxd4 4. Nxd4 Nf6 5. Nc3 Nc6 6. Bg5 e6 7. Qd2 a6 8. O-O-O Bd7 9. f3 Nxd4 10. Qxd4 Be7 11. Kb1 b5 12. Bxf6 gxf6 13. Ne2 Rc8 14. Qd2 Qb6 15. Nf4 h5 16. g3 Rc7 17. Bd3 Kd8 18. c3 {½-½ (41) Anand,V (2776)-Carlsen,M (2843) Karlsruhe/Baden-Baden 2018}) 2... g6 3. f4 Bg7 4. Nf3 e6 5. O-O Ne7 6. c3 {B31: Sicilian: 2...Nc6 3 Bb5 g6} O-O 7. d3 d5 8. Be3 {White is slightly better.} b6 9. Nbd2 (9. e5 $14) 9... Bb7 10. Kh1 Nbc6 11. Bf2 $146 {[%cal Be3f2,Bf2g3,Bg3h4][%mdl 32]} ({Predecessor:} 11. Rc1 f5 12. e5 d4 13. cxd4 Nd5 14. Bg1 Nxf4 15. dxc5 Nxe5 {0-1 (38) Groszpeter,A (2480)-Ftacnik,L (2470) Cienfuegos 1980}) 11... Qd6 ({Black should try} 11... Qd7 $15) 12. Bg3 f5 (12... Rad8 $11) 13. e5 $36 {[%mdl 2048] White has good play.} Qd7 14. d4 c4 15. Bh4 b5 16. Rg1 ({White should play} 16. b3 $16) 16... h5 (16... Bh6 $11 {keeps the balance.}) 17. Ng5 Bh6 18. Nf1 Nd8 19. Ne3 Nf7 (19... Qe8 $16 20. a4 bxa4) 20. Nh3 $1 $18 Bg7 {[#]} 21. Qe1 (21. Bxh5 $1 $18 {[%mdl 512] and the rest is easy. Black must now prevent Bxe7.} gxh5 22. Qxh5) 21... Nh6 22. Ng5 Nf7 {[#]} 23. h3 (23. Nf3 $1 $18) 23... Nxg5 $16 24. Bxg5 Kf7 25. Qh4 Rh8 26. b3 Ng8 (26... a6 $16 {might work better.}) 27. bxc4 ({Better is} 27. a4 $18) 27... bxc4 28. Rgb1 Bc6 29. Kg1 Bh6 30. Rb4 Bxg5 31. Qxg5 (31. fxg5 $6 Ne7 $11) 31... Qe7 32. Qg3 h4 33. Qf2 Qc7 (33... Kg7 $11) 34. Rab1 Ne7 35. Bd1 Rab8 36. Nf1 {[%cal Be3f1,Bf1d2,Bd2f3,Bf3g5][%mdl 32]} ({Of course not} 36. Rxb8 $6 Rxb8 37. Rxb8 Qxb8 $14) 36... a5 (36... Rxb4 $16 {was worth a try.} 37. Rxb4 Nc8) 37. R4b2 $18 ({But not} 37. Rxb8 $6 Rxb8 38. Rc1 (38. Rxb8 Qxb8 39. Qc2 a4 $14) 38... Ng8 $16) 37... Rxb2 38. Qxb2 Bd7 39. Nd2 Nc6 40. Nf3 Rb8 41. Qc1 Qd8 42. Ng5+ Ke8 (42... Kg8 $142 43. Bc2 Na7) 43. Ba4 Rxb1 44. Qxb1 Qb8 45. Qc1 Qb6 (45... Nd8 $142) 46. Bxc6 Qxc6 47. Kh2 Qa4 (47... Bc8 $142 48. Qe1 Qc7 49. Qxh4 Qg7) 48. Qb2 Ke7 49. Qb8 Qxa2 50. Nh7 {[%csl Gh7][%cal Rb8f8]} Ba4 51. Qd6+ Ke8 52. Qxe6+ (52. Nf6+ $142 Kf7 53. Qc7+ Kf8 54. Qd8+ Kf7 55. Nh7 Qxg2+ 56. Kxg2 g5 57. Nxg5+ Kg7 58. Qf6+ Kg8 59. Qg6+ Kh8 60. Qh7#) 52... Kd8 53. Qxd5+ Kc8 54. Qa8+ Kc7 55. Qxa5+ (55. Nf8 $142 Qf2 56. Ne6+ Kd7 57. Qd5+ Ke7 58. Qd6+ Kf7 59. Ng5+ Ke8 60. Qxg6+ Kd7 61. Qxf5+ Kc7 62. Ne4) 55... Kb8 56. Qb4+ Ka7 57. Qe7+ (57. Nf8 $142 Bb5 58. Qxb5) 57... Ka8 58. Qxh4 Bc6 59. Qg3 Qd2 60. Nf6 Ka7 61. d5 Bxd5 62. Nxd5 {White mates.} Qxd5 {[%mdl 4096] Endgame KQ-KQ} 63. Qe3+ Ka6 64. e6 Qd3 65. Qxd3 cxd3 {KP-KP} 66. e7 d2 67. e8=Q d1=Q 68. Qxg6+ {KQ-KQ} Ka7 69. Qxf5 Qc1 70. Qe5 Kb7 71. Qd4 Qf1 72. c4 {[%cal Bc3c4,Bc4c5,Bc5c6,Bc6c7][%mdl 32]} Ka6 73. c5 Kb5 74. Qd6 Qc1 75. f5 {[%cal Bf4f5,Bf5f6][%mdl 32]} Qa1 76. f6 Qf1 77. c6 Kb6 78. c7+ Kb7 79. Qe5 Kc8 80. h4 Qc4 81. g3 Qc2+ 82. Kh3 Qc4 83. Qf5+ Kxc7 84. Qf4+ {Precision: White = 60%, Black = 28%.} 1-0

[Event "Lviv Tradition May 2018"]
[Site "Lviv"]
[Date "2018.05.21"]
[Round "9"]
[White "Galperin, Platon"]
[Black "Shkuran, Danylo"]
[Result "1/2-1/2"]
[WhiteElo "2332"]
[BlackElo "2395"]
[Annotator "TA"]
[PlyCount "51"]
[EventDate "2018.??.??"]
[EventType "tourn"]
[EventCountry "UKR"]
[SourceTitle "playchess.com"]
[Source "ChessBase"]
[SourceQuality "1"]

{[%evp 13,51,0,9,0,0,0,8,0,0,4,45,36,36,31,37,18,48,42,49,43,37,-2,-11,-10,0,0,0,-12,0,-18,10,0,0,-27,12,0,0,-26,16,0]} 1. d4 d5 2. c4 c6 3. cxd5 cxd5 4. Nc3 e5 5. e3 e4 6. Nge2 {D10: Slav Defence: 3 cxd5 (without early Nf3) and 3 Nc3} (6. f3 Nf6 7. Qc2 Bb4 8. Nge2 O-O 9. Ng3 Nc6 10. Bd2 Bd6 11. fxe4 Bxg3+ 12. hxg3 Nxe4 13. Nxe4 Bf5 {½-½ (50) Mazzilli,P (2358)-Ortega,L (2476) Gallipoli 2018}) 6... Nf6 7. Nf4 Nc6 {LiveBook: 4 Games} 8. Be2 Bb4 9. Bd2 $146 ({Predecessor:} 9. a3 Bxc3+ 10. bxc3 Qd6 11. a4 g5 12. Nh5 Nxh5 13. Bxh5 Be6 {0-1 (76) Trimitzios,P (1829)-Xie,L Al Ain 2013}) 9... O-O 10. O-O Be6 11. Qb3 Bxc3 12. Bxc3 Qd7 13. Rac1 Rac8 14. a4 g5 15. Nxe6 fxe6 16. Bb5 a6 17. Bxc6 Rxc6 18. Bb4 Rxc1 19. Rxc1 Rc8 20. Rc3 Rc6 21. Qc2 Ne8 22. Qb3 Nf6 23. Qc2 Ne8 24. Qb3 Nf6 25. Qc2 Ne8 26. Qb3 {Precision: White = 27%, Black = 51%.} 1/2-1/2

[Event "Lviv Tradition May 2018"]
[Site "Lviv"]
[Date "2018.05.21"]
[Round "9"]
[White "Terletsky, Oleg"]
[Black "Fiedorek, Michal"]
[Result "1-0"]
[WhiteElo "2288"]
[BlackElo "2081"]
[Annotator "TA"]
[PlyCount "95"]
[EventDate "2018.??.??"]
[EventType "tourn"]
[EventCountry "UKR"]
[SourceTitle "playchess.com"]
[Source "ChessBase"]
[SourceQuality "1"]

{[%evp 23,95,1,65,58,62,54,70,54,58,53,62,59,68,72,60,40,127,129,164,152,135,-137,-136,-206,0,0,0,-36,-24,-37,-26,-40,0,-29,10,-35,0,-15,-21,-53,-47,-115,0,0,0,0,0,-23,0,0,0,0,1096,1029,1219,875,1832,1874,5605,5617,29986,29987,29987,29988,29988,29989,29990,29991,29991,29992,29992,29993,29997,-432]} 1. e4 c5 2. Nf3 d6 3. Nc3 Nc6 4. g3 g6 5. Bg2 Bg7 6. O-O e6 7. d3 Nge7 8. Be3 Nd4 9. Qd2 O-O 10. Bh6 Nec6 11. Bxg7 Kxg7 12. Nxd4 Nxd4 (12... cxd4 $11 13. Ne2 e5) 13. f4 $14 {A04: Unusual lines after 1 Nf3 and King's Indian Attack} (13. Nd1 e5 14. c3 Nc6 15. Ne3 {½-½ (15) Pirisi,G (2268)-Veszpremi,A (2261) Hungary 2012}) 13... Rb8 $146 ({Predecessor:} 13... f5 14. Rae1 Bd7 15. Ne2 Qc7 16. c3 Nxe2+ 17. Qxe2 Rac8 18. exf5 gxf5 19. g4 Kh8 20. g5 Rce8 {0-1 (51) Heimbaecher,F-Sprenger,J Schoeneck 1996}) 14. Nd1 b5 15. Ne3 {White is slightly better.} b4 16. c3 bxc3 17. bxc3 Nc6 $1 18. f5 Qg5 19. Rf4 h5 (19... Ba6 $14) 20. Raf1 $1 $16 Ba6 21. h4 $1 {[%cal Rh4g5]} Qh6 ({Don't go for} 21... Qxg3 $2 22. R1f3 $18) 22. f6+ $2 {[%mdl 8192]} (22. fxe6 $16 {stays on course. aiming for Ng4!} fxe6 23. Ng4) 22... Kh7 $17 23. g4 {[#]} (23. c4 $17 {was worth a try.}) 23... Rg8 $2 (23... g5 $1 $19 {[%cal Rg5f4]} 24. hxg5 Qxg5) 24. g5 $11 Qf8 25. Rc1 Qd8 26. Bf1 Qb6 27. Be2 Rh8 28. Rff1 Kg8 29. Rb1 Qxb1 30. Rxb1 Rxb1+ 31. Kg2 Kh7 $1 32. e5 ({Better is} 32. Bd1 $15) 32... Nxe5 ({Black should try} 32... Rhb8 $17 33. exd6 R8b2) 33. d4 $36 {[%mdl 2048] White fights for an advantage.} cxd4 34. cxd4 Bxe2 35. dxe5 Rhb8 36. exd6 {Black must now prevent d7.} R8b2 37. Nc2 {d7 is the strong threat.} Bc4 $2 {[%mdl 8192]} (37... Bb5 $11 38. d7 Bxd7 39. Qxd7 Rxc2+ 40. Kf3 Rf1+ 41. Ke3 Re1+ 42. Kf3 Rf1+ 43. Kg3 Rg1+ 44. Kh3 Rh1+ 45. Kg3 Rg1+ 46. Kf3 Rf1+) 38. d7 $18 Bd5+ 39. Kg3 Rb8 40. Qa5 R1b6 41. Qc5 {White threatens Qe7 and mate.} Rc6 {[#]} 42. Qe7 $1 {White mates.} Rc3+ 43. Kf4 e5+ 44. Kxe5 Rxc2 45. d8=Q Re2+ 46. Kd4 ({Not} 46. Kxd5 $2 Rxd8+ 47. Kc5 Rxe7 $19) 46... Rd2+ 47. Kc3 Rbb2 {[#]} 48. Qh8+ $1 {[%mdl 33280] Precision: White = 47%, Black = 47%. . Loss on Time!?} 1-0

[Event "Lviv Tradition May 2018"]
[Site "Lviv"]
[Date "2018.05.21"]
[Round "9"]
[White "Oglaza, Oskar"]
[Black "Badelka, Olga"]
[Result "1/2-1/2"]
[WhiteElo "2279"]
[BlackElo "2397"]
[Annotator "TA"]
[PlyCount "121"]
[EventDate "2018.??.??"]
[EventType "tourn"]
[EventCountry "UKR"]
[SourceTitle "playchess.com"]
[Source "ChessBase"]
[SourceQuality "1"]

{[%evp 19,121,-4,0,0,-8,-11,-12,-33,-32,-31,-35,-25,-16,-20,-22,-25,-20,-64,-40,-97,-100,-141,-86,-187,-37,-61,-26,-139,-52,-54,-64,-61,-54,-58,-31,-61,-71,-76,-57,-93,-40,-48,0,0,0,0,0,0,27,0,0,0,0,0,0,0,0,0,0,0,0,0,0,0,0,0,0,0,0,0,0,0,0,0,0,0,0,0,0,0,0,0,0,0,0,0,0,0,0,0,0,-5,0,0,0,0,0,0,0,0,0,0,0,0]} 1. d4 Nf6 2. c4 e6 3. Nf3 b6 4. e3 Bb7 5. Be2 d5 6. O-O {E14: Queen's Indian: Classical Variation (4 e3)} Bd6 7. Nc3 a6 8. b3 O-O 9. Qc2 Nbd7 10. Bb2 Qe7 {LiveBook: 3 Games} 11. cxd5 exd5 12. Nh4 $146 ({Predecessor:} 12. Rac1 Rac8 {0-1 (37) Gunina,V (2506)-Kovalenko,I (2644) Moscow 2013}) 12... g6 13. g3 Ne4 14. f3 Nxc3 15. Qxc3 Rae8 16. Ng2 f5 17. Kf2 Nf6 18. Qd3 Bc8 19. Ke1 (19. Kg1 $15) 19... Bd7 20. Qc2 {[#]} a5 (20... f4 $142 $1 {[%mdl 512]} 21. exf4 Bf5) 21. a4 {[#]} (21. Kf2 $17) 21... Rc8 (21... f4 $1 $19 {[%cal Rf4g3][%mdl 512]} 22. exf4 Bf5) 22. Ba6 Rb8 23. Kd2 (23. Kf2 $11 {remains equal.}) 23... b5 (23... c6 $17 24. Kc1 Rbe8) 24. Bxb5 Bxb5 25. axb5 Rxb5 26. Bc3 c5 {And now ...Rc8 would win.} 27. Rxa5 Rxa5 28. Bxa5 cxd4 {Strongly threatening ...Ra8.} 29. exd4 Ra8 (29... Qa7 $17 30. Qc3 Qa6) 30. Bc3 $1 $15 Bb4 31. Re1 Bxc3+ 32. Qxc3 Ra2+ 33. Kd1 Qa3 34. Re2 Ra1+ {The position is equal.} 35. Kd2 Rb1 {Hoping for ...Rb2+.} 36. Qc5 Rb2+ ({Not} 36... Qxb3 37. Qc8+ Kf7 38. Qc7+ Kf8 39. Qd8+ Ne8 40. Rxe8+ Kg7 41. Re7+ Kh6 42. Qf8+ Kh5 43. Rxh7+ Kg5 44. h4#) 37. Ke1 Rxb3 38. Qxa3 Rxa3 $11 {[%mdl 4096] Endgame KRN-KRN} 39. Kf2 Rd3 40. Nf4 Rxd4 41. Rb2 Ra4 42. Rb8+ Kf7 43. Rb7+ Ke8 44. Rb8+ Kd7 45. Rb6 Ra2+ 46. Kg1 Ke7 (46... Ra1+ {feels hotter.} 47. Kf2 Ra2+) 47. Rb7+ Nd7 {Threatens to win with ...Kd6.} 48. Nxd5+ Kd6 {White must now prevent ...Ra1+.} 49. Nc3 Rd2 50. f4 Kc6 51. Rb1 Nc5 52. Rd1 Rb2 53. Rc1 Kd6 54. Nd1 Rb4 (54... Rb3 {keeps more tension.} 55. Kf1 h5 56. Ke2 h4 57. Rc3 hxg3 58. hxg3 Rb6) 55. Nf2 Ne4 56. Nxe4+ fxe4 57. Kf2 Rb3 58. Ra1 Ke6 59. Ra5 Rb2+ 60. Ke3 Rxh2 61. Kxe4 {Precision: White = 52%, Black = 45%.} 1/2-1/2